000 00739nam a22002535i 4500
001 10869
003 ES-MaACL
005 20230906145956.0
007 t|
008 930607s1992 sp ||||0| spa j
020 _a84-7112-366-5
040 _aM-BN
_bspa
_cM-BN
080 _a316.62
100 1 _aGonzález Portal, María Dolores.
_958877
245 1 0 _aConducta prosocial
_b: evaluación e intervención /
_cpor María Dolores González Portal.
260 _aMadrid :
_bMorata,
_cD.L. 1992.
300 _a159 p ;
_c24 cm.
490 1 _aManuales
504 _aBibliografía: p. 142-159.
650 1 4 _aConducta prosocial.
_911262
830 0 _aManuales
_9178657
852 _aES-MaACL
_jL-18191
_bR.121876
999 _c10869
_d10869